Teaching good behaviour/ (Record no. 7273)

MARC details
000 -LEADER
fixed length control field 00421nam a22001577a 4500
003 - CONTROL NUMBER IDENTIFIER
control field OSt
005 - DATE AND TIME OF LATEST TRANSACTION
control field 20260121030541.0
008 - FIXED-LENGTH DATA ELEMENTS--GENERAL INFORMATION
fixed length control field 260112b |||||||| |||| 00| 0 eng d
040 ## - CATALOGING SOURCE
Original cataloging agency DWC-Main Lib.
Transcribing agency OC
082 ## - DEWEY DECIMAL CLASSIFICATION NUMBER
Classification number Gr. 025.3 T212w 2000
110 ## - MAIN ENTRY--CORPORATE NAME
Corporate name or jurisdiction name as entry element Time Life Asia
245 ## - TITLE STATEMENT
Title Teaching good behaviour/
Statement of responsibility, etc. Time Life Asia
260 ## - PUBLICATION, DISTRIBUTION, ETC.
Name of publisher, distributor, etc. Time life asia
300 ## - PHYSICAL DESCRIPTION
Extent 92 p. :
Other physical details ill. ;
Dimensions 30 cm.
942 ## - ADDED ENTRY ELEMENTS (KOHA)
Source of classification or shelving scheme Dewey Decimal Classification
Koha item type General Reference
Classification part Gr,
Suppress in OPAC No
952 ## - LOCATION AND ITEM INFORMATION (KOHA)
--
Holdings
Withdrawn status Lost status Source of classification or shelving scheme Damaged status Not for loan Home library Current library Shelving location Date acquired Source of acquisition Cost, normal purchase price Total Checkouts Full call number Barcode Date last seen Copy number Price effective from Koha item type Uniform Resource Identifier
    Dewey Decimal Classification     College Library College Library General Reference 02/04/2003 School Fund 0.00   Gr. 025.3 T212w 2000 CL37087 01/12/2026 c1 01/12/2026 GR